000
00387nam a22001337a 4500
003
SGT
020
_a
9788192685229
082
_a
080
_b
B14P
100
_a
प्रताप, विजय
245
_a
भारतीय पत्रकारों की स्थिति
260
_b
मीडिया स्टडीज ग्रुप
_c
2014
300
_a
84
942
_2
ddc
_c
BK
999
_c
31533
_d
31533